Sports Quiz

Random Sports or NBA Quiz

2016 NBA All-Star Starters Quiz Stats

 Plays Quiz not verified by Sporcle

Support Sporcle.
Go Orange.
Score 0/10 Timer 01:00
0 Plays Today
Hint Answer % Correct
Los Angeles LakersKobe Bryant
100%
Golden State WarriorsStephen Curry
99.3%
Miami HeatDwyane Wade
99.3%
Oklahoma City ThunderKevin Durant
98.6%
Oklahoma City ThunderRussell Westbrook
98.6%
Cleveland CavaliersLebron James
98.6%
San Antonio SpursKawhi Leonard
96.6%
New York KnicksCarmelo Anthony
96.6%
Indiana PacersPaul George
95.9%
Toronto RaptorsKyle Lowry
92.5%

You're not logged in!

Compare scores with friends on all Sporcle quizzes.
OR
Log In

From the Vault

Actors Who Play Multiple Characters (TV)

by Queenie84

These TV stars have put their acting chops on full display.
Remove Ads.
Support Sporcle.
Get the best of Sporcle when you Go Orange. This ad-free experience offers more features, more stats, and more fun while also helping to support Sporcle. Thank you for becoming a member.

Show Comments

Extras

Top Quizzes Today


Score Distribution

Your Account Isn't Verified!

In order to create a playlist on Sporcle, you need to verify the email address you used during registration. Go to your Sporcle Settings to finish the process.

Report this User

Report this user for behavior that violates our Community Guidelines.

Details: